En el III Centenario de la muerte de Sor Juana Inés de la Cruz (Record no. 10825)

MARC details
000 -LEADER
campo de control de longitud fija 00815nam a2200205 i 4500
001 - NÚMERO DE CONTROL
campo de control 10825
003 - IDENTIFICADOR DE NÚMERO DE CONTROL
campo de control ES-MaACL
005 - FECHA Y HORA DE LA ÚLTIMA TRANSACCIÓN
campo de control 20250722183551.0
007 - CAMPO FIJO DE DESCRIPCIÓN FÍSICA--INFORMACIÓN GENERAL
campo de control de longitud fija t|
008 - DATOS DE LONGITUD FIJA--INFORMACIÓN GENERAL
campo de control de longitud fija 950511s1995 sp |||| | spa d
080 ## - NÚMERO DE LA CLASIFICACIÓN DECIMAL UNIVERSAL
Número de la Clasificación Decimal Universal 860-4"19"
100 1# - ENTRADA PRINCIPAL--NOMBRE DE PERSONA
Nombre de persona Hernández Prieto, María Isabel.
9 (RLIN) 63028
245 10 - MENCIÓN DEL TÍTULO
Título En el III Centenario de la muerte de Sor Juana Inés de la Cruz
Resto del título : Sor Juana Inés de la Cruz y El Libro del Universo /
Mención de responsabilidad, etc. María Isabel Hernández Prieto.
260 ## - PUBLICACIÓN, DISTRIBUCIÓN, ETC.
Lugar de publicación, distribución, etc. Las Palmas de Gran Canaria :
Nombre del editor, distribuidor, etc. Diario de las Palmas,
Fecha de publicación, distribución, etc. 1995.
300 ## - DESCRIPCIÓN FÍSICA
Extensión 2 h. ;
Dimensiones 33 cm.
594 ## - Nota al título y mención de responsabilidad
Nota al título y mención de responsabilidad Recortes de periódico de dos textos publicados en el Diario de las Palmas, de 11 de mayo y 17 de mayo de 1995.
600 04 - PUNTO DE ACCESO ADICIONAL DE MATERIA--NOMBRE DE PERSONA
Nombre de persona Juana Inés de la Cruz,
Títulos y otros términos asociados al nombre Sor,
Fechas asociadas al nombre 1651-1695
9 (RLIN) 67141
852 ## - LOCALIZACIÓN
Ubicación ES-MaACL
Número de control de estantería 2151-F-2
Holdings
Estatus retirado Estado de pérdida Estado de daño No para préstamo Colección Biblioteca de origen Biblioteca actual Ubicación en estantería Fecha de adquisición Fuente de adquisición Total de préstamos Signatura topográfica completa Código de barras Visto por última vez Precio de reemplazo Tipo de ítem Koha
        Colección de folletos Biblioteca del Ateneo de Madrid Biblioteca del Ateneo de Madrid Depósito folletos 17/01/2008     2151-F-2 1011043 23/02/2023 23/02/2023 Folleto